000 00563cam a2200217ua 4500
020 _a81-204-0340-1
_c79.00
041 _aeng
_h
082 _a631.587 4
_bDON/IR
100 _aDoneen, L D.
245 _aIrrigation practice and water management /
_cL d Doneen.
_hTextual Documents
260 _aNew Delhi :
_bOxford & IBH Publishing company ,
_c1988.
300 _a63 ; .
365 _a79.00
504 _a
700 1 _aWestcot, D W.
942 _cBK
999 _c371
_d371